<?xml version="1.0" encoding="UTF-8"?>
<record
    xmlns:xsi="http://www.w3.org/2001/XMLSchema-instance"
    xsi:schemaLocation="http://www.loc.gov/MARC21/slim http://www.loc.gov/standards/marcxml/schema/MARC21slim.xsd"
    xmlns="http://www.loc.gov/MARC21/slim">

  <leader>00730nam a22001937a 4500</leader>
  <datafield tag="999" ind1=" " ind2=" ">
    <subfield code="c">174341</subfield>
    <subfield code="d">174341</subfield>
  </datafield>
  <controlfield tag="005">20200609140006.0</controlfield>
  <datafield tag="010" ind1=" " ind2=" ">
    <subfield code="a">UR-10784</subfield>
  </datafield>
  <datafield tag="020" ind1=" " ind2=" ">
    <subfield code="c">28.00</subfield>
    <subfield code="a">-</subfield>
  </datafield>
  <datafield tag="035" ind1=" " ind2=" ">
    <subfield code="a">U-9338</subfield>
  </datafield>
  <datafield tag="037" ind1=" " ind2=" ">
    <subfield code="b">DBAD/PUB</subfield>
    <subfield code="a">8180881792</subfield>
  </datafield>
  <datafield tag="082" ind1=" " ind2=" ">
    <subfield code="a">270</subfield>
  </datafield>
  <datafield tag="100" ind1=" " ind2=" ">
    <subfield code="a">&#x644;&#x637;&#x641; &#x627;&#x644;&#x644;&#x6C1; &#x642;&#x627; &#x62F; &#x631; &#x6CC; &#x641;&#x644;&#x627; &#x62D;&#x6CC; </subfield>
  </datafield>
  <datafield tag="245" ind1=" " ind2=" ">
    <subfield code="a">&#x648; &#x627; &#x644;&#x62F; &#x64A;&#x646; &#x6A9;&#x6D2; &#x62D;&#x642;&#x648; &#x642; &#x627; &#x648; &#x631; &#x635;&#x644;&#x6C1; &#x631; &#x62D;&#x645;&#x6CC; </subfield>
    <subfield code="c">&#x644;&#x637;&#x641; &#x627;&#x644;&#x644;&#x6C1; &#x642;&#x627; &#x62F; &#x631; &#x6CC; &#x641;&#x644;&#x627; &#x62D;&#x6CC; </subfield>
  </datafield>
  <datafield tag="246" ind1=" " ind2=" ">
    <subfield code="b">Waldain Ke Huqooq Aur Silarahmi  (Urdu)</subfield>
    <subfield code="a">by  Lutfullah Qadiri Falahi</subfield>
  </datafield>
  <datafield tag="260" ind1=" " ind2=" ">
    <subfield code="a">N.Delhi</subfield>
    <subfield code="b">Markazi Maktaba Islami Publishers</subfield>
    <subfield code="c">2013 &#x621;</subfield>
  </datafield>
  <datafield tag="270" ind1=" " ind2=" ">
    <subfield code="a">D-307,Dawat Ngr. Abulfazal Enclave,Jamia   Nagar,</subfield>
    <subfield code="b">N.D.</subfield>
    <subfield code="e">25</subfield>
    <subfield code="k">26971652</subfield>
    <subfield code="l">-</subfield>
  </datafield>
  <datafield tag="300" ind1=" " ind2=" ">
    <subfield code="a">72 &#x635; </subfield>
    <subfield code="c">22 Cm(Hb)</subfield>
  </datafield>
  <datafield tag="942" ind1=" " ind2=" ">
    <subfield code="2">ddc</subfield>
    <subfield code="c">UR</subfield>
    <subfield code="h">270</subfield>
    <subfield code="m">&#x642; &#x627; &#x62F; </subfield>
  </datafield>
  <datafield tag="952" ind1=" " ind2=" ">
    <subfield code="0">0</subfield>
    <subfield code="1">0</subfield>
    <subfield code="4">0</subfield>
    <subfield code="7">0</subfield>
    <subfield code="8">NFIC</subfield>
    <subfield code="a">L</subfield>
    <subfield code="b">L</subfield>
    <subfield code="d">2020-06-09</subfield>
    <subfield code="e">DBAD/PUB</subfield>
    <subfield code="g">28.00</subfield>
    <subfield code="l">0</subfield>
    <subfield code="o">270 &#x642; &#x627; &#x62F;</subfield>
    <subfield code="p">U-9339</subfield>
    <subfield code="r">2020-06-09 00:00:00</subfield>
    <subfield code="t">1</subfield>
    <subfield code="v">28.00</subfield>
    <subfield code="w">2020-06-09</subfield>
    <subfield code="y">UR</subfield>
  </datafield>
</record>
